00720 2200265 4500001002100000005001500021035002000036007000300056008004100059020002200100082001100122084001700133100001100150245010800161250001000269260003300279300003500312650002500347700000900372504002500381990001200406990001200418990001200430990001200442INLIS00000000000536720200921115233 a0010-0220000085ta200921 g 0 ind  a978-979-29-6173-7 a915.98 a915.98 ISM i0 aISMADI1 aIndonesia Mendunia :bCandi Borobudur, Candi Prambanan, dan Keajaiban yang lain /cIsmadi; editor, Maya acet.1 aYogyakarta :bRainbow,c2017 aiv, 43 hlm. :bilus. ;c20 cm. 4aKEBUDAYAAN INDONESIA0 aMAYA aBibliografi : hlm.43 a17041 A a17041 B a17041 C a17041 D